| 000 | 00937nam a22002531u 4500 | ||
|---|---|---|---|
| 001 | 05392 | ||
| 003 | HDC | ||
| 007 | cr bn --- | ||
| 008 | 210120p xx fo d 00 engg | ||
| 040 | _aHDC | ||
| 100 |
_aMohd Hafiz Zulfakar, _eauthor _91075 |
||
| 245 | 0 |
_aAustralia's Halal Meat Supply Chain (AHMSC) Operations: Supply Chain Structure, Influencing Factors and Issues / _cby Mohd Hafiz Zulfakar |
|
| 260 |
_a[No place] : _b[publisher not identified], _c[no year] |
||
| 300 | _a403 pages : illustrations | ||
| 336 |
_atext _2rdacontent |
||
| 337 |
_acomputer _2rdamedia |
||
| 338 |
_aonline resource _2rdacarrier |
||
| 650 |
_aHalal food _950 |
||
| 650 |
_aMeat industry and trade _9161 |
||
| 856 | _zRequest full-text at [email protected] | ||
| 942 | _2lcc | ||
| 942 | _cTHE | ||
| 942 | _kTHES 000008 | ||
| 999 |
_c2716 _d2716 |
||